Bách khoa phụ nữ trẻ

Từ thiếu niên thành thiếu nữ, làm vẻ ngoài đẹp hơn, nữ giới và nam giới, hôn nhân, trở thành mẹ, đứa con.

Uloženo v:
Podrobná bibliografie
Médium: Kniha
Jazyk:Undetermined
Vydáno: Hà Nội Lao động Xã hội 2006
Témata:
Tagy: Přidat tag
Žádné tagy, Buďte první, kdo otaguje tento záznam!
Thư viện lưu trữ: Trung tâm Học liệu Trường Đại học Cần Thơ
LEADER 00695nam a2200193Ia 4500
001 CTU_106568
008 210402s9999 xx 000 0 und d
020 |c 40000 
082 |a 613.95 
082 |b B102 
245 0 |a Bách khoa phụ nữ trẻ 
260 |a Hà Nội 
260 |b Lao động Xã hội 
260 |c 2006 
520 |a Từ thiếu niên thành thiếu nữ, làm vẻ ngoài đẹp hơn, nữ giới và nam giới, hôn nhân, trở thành mẹ, đứa con. 
650 |a Hygiene education,Women 
650 |x Health and hygiene 
904 |i Năm, Q. Hiếu (sửa) 
980 |a Trung tâm Học liệu Trường Đại học Cần Thơ